000 00563nam a22001937a 4500
003 OSt
005 20260205005300.0
008 260205b |||||||| |||| 00| 0 eng d
020 _a978-1-926692-55-5
040 _aDWCL-Main Lib
_cOC
082 _aCirc. 571.92 M266 290
245 _aManagement of plant diseases
260 _aOakville, ON :
_bApple Academic Press,
_cc2010
300 _a303 p. :
_bill. ;
_c24 cm.
504 _aIncludes references and index.
650 _aPlant diseases.
700 _aWEST, GREGORY
_eEditor
942 _2ddc
_cBK-CIRC
_mCirc
_n0
999 _c8283
_d8283